Regionalism in Hellenistic and Roman Asia Minor: acts of the Conference Hartford, Connecticut
Guardat en:
| Autors principals: | , |
|---|---|
| Format: | Llibre |
| Idioma: | anglès |
| Publicat: |
París
Ausonius Éditions
2007
|
| Edició: | 1a. ed |
| Col·lecció: | Études, 20
|
| Matèries: | |
| Etiquetes: |
Afegir etiqueta
Sense etiquetes, Sigues el primer a etiquetar aquest registre!
|
MARC
| LEADER | 00000cam a2200000 a 4500 | ||
|---|---|---|---|
| 001 | UCD5284 | ||
| 003 | CL-VaPUC | ||
| 005 | 20220107074145.0 | ||
| 008 | 160819e20070000fr 1 eng d | ||
| 020 | |a 2910023974 | ||
| 082 | 0 | 4 | |a 938.08 |b ELT |2 21 |
| 100 | 1 | |a Elton, Hugh |e author |9 622209 | |
| 700 | 1 | |a Reger, Gary |e author |9 622210 | |
| 245 | 1 | 0 | |a Regionalism in Hellenistic and Roman Asia Minor: acts of the Conference Hartford, Connecticut |
| 250 | |a 1a. ed | ||
| 260 | |a París |b Ausonius Éditions |c 2007 | ||
| 300 | |a 207 p | ||
| 490 | 0 | |a Études, 20 | |
| 583 | |a last modification |c 20190909 10:16:06 |k Rodrigo Vera | ||
| 650 | 0 | 0 | |a Historia antigua |9 267521 |
| 650 | 0 | 0 | |a Helenismo |9 267485 |
| 650 | 0 | 7 | |a REGIONALISMO |2 CL-VaPUC |9 369300 |
| 650 | 0 | 0 | |a Desarrollo cultural |9 267526 |
| 651 | 7 | |a ASIA MENOR |2 CL-VaPUC |9 400482 | |
| 942 | |c BK | ||
| 945 | |a arojas |d 20160819 12:52:00 | ||
| 546 | |a En Inglés | ||
| 518 | |p Conference Hartford, Connecticut, 1, USA, August 22-24 1997 | ||
| 999 | |c 384854 |d 384852 | ||
| 952 | |0 0 |1 0 |3 erd |4 0 |6 938_080000000000000_ELT_2007 |7 0 |8 A |9 507851 |a BIBHIS |b BIBHIS |i 5338352 |o 938.08 ELT 2007 |p 5338352 |r 2025-01-20 |w 2020-01-23 |y BK |z Catalogado en:20160819 |k HIS | ||